Platero y yo / (Registro nro. 3239)
[ vista simple ]
| 000 -LEADER | |
|---|---|
| fixed length control field | 01170nam a2200241Ia 4500 |
| 003 - CONTROL NUMBER IDENTIFIER | |
| control field | OSt |
| 005 - DATE AND TIME OF LATEST TRANSACTION | |
| control field | 20250627124928.0 |
| 008 - FIXED-LENGTH DATA ELEMENTS--GENERAL INFORMATION | |
| fixed length control field | 191128t2014 ck jr 000 p spa d |
| 020 ## - INTERNATIONAL STANDARD BOOK NUMBER | |
| International Standard Book Number | 9789583007406 |
| 040 ## - CATALOGING SOURCE | |
| Original cataloging agency | CO-JMCR |
| Transcribing agency | CO-JMCR |
| 041 ## - LANGUAGE CODE | |
| Language code of text/sound track or separate title | spa |
| 082 04 - DEWEY DECIMAL CLASSIFICATION NUMBER | |
| Classification number | A-P |
| Item number | JIMp |
| 100 1# - MAIN ENTRY--PERSONAL NAME | |
| Personal name | Jiménez, Juan Ramón, |
| Dates associated with a name | 1881-1958, |
| Relator term | autor |
| 9 (RLIN) | 9259 |
| 245 10 - TITLE STATEMENT | |
| Title | Platero y yo / |
| Statement of responsibility, etc. | Juan Ramón Jiménez ; ilustraciones Rocío Parra Parra |
| 260 ## - PUBLICATION, DISTRIBUTION, ETC. | |
| Place of publication, distribution, etc. | Bogotá : |
| Name of publisher, distributor, etc. | Panamericana, |
| Date of publication, distribution, etc. | ©2014 |
| 300 ## - PHYSICAL DESCRIPTION | |
| Extent | 237 páginas : |
| Other physical details | ilustraciones a blanco y negro ; |
| Dimensions | 21 cm. |
| 490 0# - SERIES STATEMENT | |
| Series statement | Literatura juvenil |
| 505 ## - FORMATTED CONTENTS NOTE | |
| Formatted contents note | Platero -- Mariposas del anochecer -- El eclipse -- Escalofrío -- La miga -- El loco -- Judas -- Las brevas -- ¡Ángelus! -- El moridero -- La púa -- Golondrinas -- La cuadra -- El potro castrado -- La casa de enfrente |
| 520 ## - SUMMARY, ETC. | |
| Summary, etc. | En breves prosas, el poeta, en diálogo con Platero unas veces, en su compañía otras, va captando la belleza de la realidad exterior por un lado; por otro, la belleza de la relación entre el hombre y su amigo Platero. |
| 650 14 - SUBJECT ADDED ENTRY--TOPICAL TERM | |
| Topical term or geographic name entry element | Poesía española |
| 9 (RLIN) | 381 |
| 700 ## - ADDED ENTRY--PERSONAL NAME | |
| Personal name | Parra Parra, Rocío, |
| Relator term | ilustradora |
| 9 (RLIN) | 9260 |
| 942 ## - ADDED ENTRY ELEMENTS (KOHA) | |
| Source of classification or shelving scheme | Dewey Decimal Classification |
| Koha item type | Books |
| Withdrawn status | Lost status | Source of classification or shelving scheme | Damaged status | Not for loan | Collection code | Home library | Current library | Date acquired | Source of acquisition | Total Checkouts | Total Renewals | Full call number | Barcode | Date last seen | Date last checked out | Copy number | Koha item type |
|---|---|---|---|---|---|---|---|---|---|---|---|---|---|---|---|---|---|
| Dewey Decimal Classification | Fiction | Biblioteca Pública José María del Castillo y Rada | Biblioteca Pública José María del Castillo y Rada | 11/28/2019 | Donación | 4 | 2 | A-P JIMp | 201506971 | 06/03/2025 | 05/22/2025 | Ej.1 | Books |